Native son /

Bigger Thomas, the black chauffeur for the wealthy Dalton family, is accused of the murder of the Daltons' daughter Mary. The search for Mary's missing body and Thomas' trial shake the family and the city of Chicago, exposing the fears and prejudices of the late 1940's.

Bibliographic Details
Corporate Authors: Diane Silver Productions, Lightning Video, Vestron Video (Firm)
Other Authors: Baker, Carroll, 1931-, Busia, Akosua, Dillon, Matt, Wright, Richard, 1908-1960
Format: Video VHS
Language:English
Published: [Place of publication not identified] : Lightning Video ; [1987?]
Subjects:

MARC

Tag First Indicator Second Indicator Subfields
LEADER 00000cgm a2200000 a 4500
001 in00000033125
005 20151007055128.0
007 vf cbaho|
008 890726p19871986ctu112 g 0000vleng d
035 |a (OCoLC)20072039 
035 |9 AAB7339AM 
040 |a NJP  |c NJP  |d OCL  |d TXA  |d UtOrBLW 
049 |a TXAV [A10160273] 
090 |a PN1997  |b .N38 1987 
245 0 0 |a Native son /  |c Diane Silver Productions ; produced by Diane Silver ; directed by Jerrold Freedman ; screenplay by Richard Wesley. 
264 1 |a [Place of publication not identified] :  |b Lightning Video ;  |c [1987?] 
264 2 |a Stamford, CT :  |b Distributed by Vestron Video, 
300 |a 1 videocassette (112 min.) :  |b sound, color ;  |c 1/2 in. 
336 |a two-dimensional moving image  |b tdi  |2 rdacontent 
337 |a video  |b v  |2 rdamedia 
338 |a videocassette  |b vf  |2 rdacarrier 
538 |a VHS. 
500 |a Closed captioned. 
511 1 |a Carroll Baker, Akosua Busia, Matt Dillon, John Karlen, Victor Love, Elizabeth McGovern, John McMartin, Geraldine Page, David Rasche, Lane Smith. 
508 |a Director of photography, Thomas Burstyn ; film editor, Aaron Stell ; music, James Mtume. 
500 |a Videocassette release of the 1986 motion picture. 
500 |a Based on the novel by Richard Wright. 
520 |a Bigger Thomas, the black chauffeur for the wealthy Dalton family, is accused of the murder of the Daltons' daughter Mary. The search for Mary's missing body and Thomas' trial shake the family and the city of Chicago, exposing the fears and prejudices of the late 1940's. 
500 |a "9963." 
500 |a Videorecording. 
650 0 |a Films for the hearing impaired. 
650 0 |a Feature films. 
700 1 |a Baker, Carroll,  |d 1931- 
700 1 |a Busia, Akosua. 
700 1 |a Dillon, Matt. 
700 1 |a Wright, Richard,  |d 1908-1960.  |t Native son. 
710 2 |a Diane Silver Productions. 
710 2 |a Lightning Video. 
710 2 |a Vestron Video (Firm) 
999 |a MARS 
999 f f |s 91f04d07-07e3-3812-ac2a-1b43f47fd05b  |i 8d763550-27e8-3bd6-90f7-15adbc0942a3  |t 0 
952 f f |a Texas A&M University  |b College Station  |c Sterling C. Evans Library  |d Evans: Media and Reserves (Annex 1st floor)  |t 0  |e PN1997 .N38 1987  |h Library of Congress classification 
998 f f |a PN1997 .N38 1987  |t 0  |l Evans: Media and Reserves (Annex 1st floor)